-
FREEMAN-BELL,GAIL AND BALKWILL, JAMES:
Entry Personal Name
Number of records used in: 1
001 - CONTROL NUMBER
003 - CONTROL NUMBER IDENTIFIER
005 - DATE AND TIME OF LATEST TRANSACTION
- control field:
20180725142155.0
008 - FIXED-LENGTH DATA ELEMENTS
- fixed length control field:
180725|| aca||aabn | a|a d
040 ## - CATALOGING SOURCE
- Original cataloging agency:
OSt
- Transcribing agency:
OSt
100 ## - HEADING--PERSONAL NAME
- Personal name:
FREEMAN-BELL,GAIL AND BALKWILL, JAMES:
670 ## - SOURCE DATA FOUND
- Source citation:
Work cat.: (OSt)2291: FREEMAN-BELL,GAIL AND BALKWILL, JAMES:, MANAGEMENT IN ENGINEERING:principles and practice, 2005